Estates Times survey (Record no. 168)

MARC details
000 -LEADER
fixed length control field 00811cab a2200337 4500
001 - CONTROL NUMBER
control field ##ABS52843
008 - FIXED-LENGTH DATA ELEMENTS--GENERAL INFORMATION
fixed length control field 090401t1995 xxu||||| |||| 00| 0 eng d
035 ## - SYSTEM CONTROL NUMBER
System control number (Sirsi) u414
041 0# - LANGUAGE CODE
Language code of text/sound track or separate title eng
245 00 - TITLE STATEMENT
Title Estates Times survey
Remainder of title M5 corridor
260 ## - PUBLICATION, DISTRIBUTION, ETC.
Date of publication, distribution, etc. 1995
350 ## - PRICE (NR) (BK AM CF MU VM SE) [OBSOLETE]
Price 0
490 #0 - SERIES STATEMENT
Series statement Estates Times
Volume/sequential designation (1281) 26 May 1995, 9-29(21)
651 #4 - SUBJECT ADDED ENTRY--GEOGRAPHIC NAME
Geographic name BIRMINGHAM
651 #4 - SUBJECT ADDED ENTRY--GEOGRAPHIC NAME
Geographic name BLACK COUNTRY
651 #4 - SUBJECT ADDED ENTRY--GEOGRAPHIC NAME
Geographic name BRIDGWATER
651 #4 - SUBJECT ADDED ENTRY--GEOGRAPHIC NAME
Geographic name BRISTOL
651 #4 - SUBJECT ADDED ENTRY--GEOGRAPHIC NAME
Geographic name CHELTENHAM
651 #4 - SUBJECT ADDED ENTRY--GEOGRAPHIC NAME
Geographic name EXETER
651 #4 - SUBJECT ADDED ENTRY--GEOGRAPHIC NAME
Geographic name GLOUCESTER
651 #4 - SUBJECT ADDED ENTRY--GEOGRAPHIC NAME
Geographic name GLOUCESTERSHIRE
651 #4 - SUBJECT ADDED ENTRY--GEOGRAPHIC NAME
Geographic name MERRY HILL
651 #4 - SUBJECT ADDED ENTRY--GEOGRAPHIC NAME
Geographic name MIDLANDS
651 #4 - SUBJECT ADDED ENTRY--GEOGRAPHIC NAME
Geographic name PLYMOUTH
651 #4 - SUBJECT ADDED ENTRY--GEOGRAPHIC NAME
Geographic name PORTBURY
651 #4 - SUBJECT ADDED ENTRY--GEOGRAPHIC NAME
Geographic name TAUNTON
651 #4 - SUBJECT ADDED ENTRY--GEOGRAPHIC NAME
Geographic name WORCESTER
690 ## - LOCAL SUBJECT ADDED ENTRY--TOPICAL TERM (OCLC, RLIN)
Topical term or geographic name as entry element PROPERTY-COMMERCIAL PROPERTY-COMMERCIAL PROPERTY MARKET
942 ## - ADDED ENTRY ELEMENTS (KOHA)
Suppress in OPAC 0
948 ## - LOCAL PROCESSING INFORMATION (OCLC); SERIES PART DESIGNATOR (RLIN)
c (OCLC) 04/03/1997
Holdings
Withdrawn status Lost status Source of classification or shelving scheme Damaged status Not for loan Home library Current library Shelving location Date acquired Total Checkouts Full call number Barcode Date last seen Copy number Price effective from Koha item type
    Dewey Decimal Classification     London London Journal article 14/09/1999   ABS52843 414-1001 06/08/2019 1 06/08/2019 Journal article